[Event "FRA-ch du Nord"]
[Site "France"]
[Date "2003.04.15"]
[Round "6"]
[White "Denaes, Marie Therese"]
[Black "De la Breteche, Clement"]
[Result "0-1"]
[WhiteElo "1040"]
[BlackElo "1300"]
[PlyCount "94"]
[EventDate "2003.04.12"]
[EventType "swiss"]
[EventRounds "7"]
[EventCountry "FRA"]
[SourceTitle "EXT 2008"]
[Source "ChessBase"]
[SourceDate "2007.11.25"]
[SourceVersion "1"]
[SourceVersionDate "2007.11.25"]
[SourceQuality "1"]

1. e4 e5 2. Nf3 Nc6 3. Bc4 Bc5 4. Ng5 Qxg5 5. 0-0 d6 6. d3 Qg6 7. Nc3 Bh3 8. Qf3 Bg4 9. Qg3 0-0-0 10. a3 Nf6 11. b4 Bd4 12. Bb2 Qg5 13. Ra2 Nh5 14. h4 Nxg3 15. hxg5 Nxf1 16. Kxf1 Rhf8 17. Nb1 Bh5 18. Bc1 f6 19. Be6+ Kb8 20. Bd5 Bf7 21. Bxf7 Rxf7 22. Bd2 fxg5 23. Bxg5 Rxf2+ 24. Kg1 Rxc2+ 25. Kh2 Rxa2 26. Bxd8 Nxd8 27. Kh3 Ra1 28. Nd2 Rxa3 29. Nc4 Rxd3+ 30. Kh2 Rb3 31. Nd2 Rxb4 32. Nf3 Be3 33. Nh4 a5 34. Nf3 a4 35. Ne1 Rxe4 36. Nc2 Bf4+ 37. Kh3 Re3+ 38. Kg4 a3 39. g3 Rxg3+ 40. Kf5 c6 41. Ke4 d5+ 42. Kf5 d4 43. Ke4 d3 44. Nxa3 d2 45. Nc4 d1Q 46. Nb2 Qd4+ 47. Kf5 Rg5# 0-1